[Event "Lisbon Honra"]
[Site "Lisbon"]
[Date "2012.05.03"]
[Round "6"]
[White "Morais, Vitor Mestre"]
[Black "Esteves, Goncalo Maria Franc"]
[Result "1/2-1/2"]
[WhiteElo "2044"]
[BlackElo "1973"]
[PlyCount "98"]
[EventDate "2012.04.28"]
[EventType "tourn"]
[EventRounds "9"]
[EventCountry "POR"]
[SourceTitle "CBM 148 Extra"]
[Source "ChessBase"]
[SourceDate "2012.06.22"]
[SourceVersion "1"]
[SourceVersionDate "2012.06.22"]
[SourceQuality "1"]

1. Nc3 c6 2. e4 d6 3. Bc4 e5 4. d3 Nf6 5. Nf3 Be7 6. h3 0-0 7. 0-0 Nbd7 8. a4 b6 9. Nh2 Bb7 10. f4 d5 11. exd5 cxd5 12. fxe5 dxc4 13. exf6 Nxf6 14. dxc4 Qc8 15. Qd3 Rd8 16. Qg3 Nh5 17. Qf2 Bc5 18. Be3 Bxe3 19. Qxe3 Qxc4 20. Rad1 Nf6 21. Qe7 Qc5+ 22. Qxc5 bxc5 23. Rfe1 Kf8 24. Nf1 Rxd1 25. Rxd1 Re8 26. Kf2 Ne4+ 27. Nxe4 Bxe4 28. Ne3 Re6 29. Rd7 Re7 30. Rd8+ Re8 31. Rd6 a5 32. Ra6 Ra8 33. Rxa8+ Bxa8 34. Nc4 Be4 35. c3 Bc6 36. Nxa5 Bxa4 37. Nb7 c4 38. Na5 Bb5 39. Ke3 f5 40. Kd4 f4 41. Ke5 g5 42. Kf5 h6 43. Kg6 Ke7 44. Kf5 Kd6 45. h4 Bd7+ 46. Ke4 Be6 47. hxg5 hxg5 48. Nb7+ Kc6 49. Nd8+ Kd7 1/2-1/2

[Event "Figueira da Foz op 7th"]
[Site "Figueira da Foz"]
[Date "2010.11.01"]
[Round "3.13"]
[White "Senlle Caride, Miguel"]
[Black "Esteves, Goncalo Maria Franc"]
[Result "1/2-1/2"]
[WhiteElo "2235"]
[BlackElo "1976"]
[PlyCount "49"]
[EventDate "2010.10.31"]
[EventType "swiss"]
[EventRounds "9"]
[EventCountry "POR"]
[SourceTitle "EXT 2011"]
[Source "ChessBase"]
[SourceDate "2010.11.26"]
[SourceVersion "1"]
[SourceVersionDate "2010.11.26"]
[SourceQuality "1"]

1. e4 e5 2. Nf3 Nc6 3. Bc4 Bc5 4. c3 Nf6 5. d3 a6 6. Bb3 Ba7 7. h3 d5 8. exd5 Nxd5 9. 0-0 0-0 10. Re1 f6 11. d4 exd4 12. cxd4 Kh8 13. Nc3 Nce7 14. Ne4 c6 15. Nc5 Qd6 16. Nd2 b6 17. Nc4 Qd8 18. Ne6 Bxe6 19. Rxe6 Bb8 20. Qf3 Qd7 21. Re4 Bc7 22. Bd2 b5 23. Na5 f5 24. Re2 Bb6 25. Bxd5 1/2-1/2